000 01130nam0a22002411 4500
001 rc\2716047
005 20260407174312.0
035 _a(NLR Aleph) 006843875
090 _a6674486
_c6674486
100 _a20110915d1938 |||y0rusy50 ca
101 0 _arus
102 _aRU
105 _ay z |||||
200 1 _aТезисы докладов на Совещании по вопросам коррозии и борьбы с ней 7-10 мая 1938 г.
_fАкад. наук СССР, Хим. группа и Коллоидоэлектрохим. ин-т
210 _aМосква
_aЛенинград
_cИзд-во Акад. наук СССР
_d1938
_eМосква
_gТип. газ. "Индустрия"
215 _a35 с.
_d21 см.
710 1 2 _aСовещание по вопросам коррозии и борьбы с ней
_f1938
_eМосква
_3RU\NLR\AUTH\8810072300
_9646646
712 0 2 _aКоллоидо-электрохимический институт
_cМосква
_3RU\NLR\AUTH\8810111662
_9723113
801 0 _aRU
_bNLR
_gpsbo
801 1 _aRU
_bELAR
_2rusmarc
852 _aNLR
_j38-10/1446
942 _cBOOK
980 _aNB